SUR LA POSITION DU MIOCÉNE DE LA PARATÉTHYS CENTRALE DANS LE CADRE DU TERTIAIRE DE L'EUROPE

Bibliographic Details
Main Authors: Cicha, Ivan (Author), Seneš, Ján, 1924-1992 (Author)
Other Authors: Andrusovová, Valentína, 1898-1989 (Translator)
Format: Article
Language:French

MARC

LEADER 00000nab a2200000ua 4500
001 vtls010849504
003 SK-MaSNL
005 20260303134830.0
008 230218s1968 xo |||||||||||||||||fre|
035 |a (urnnbn)urn:nbn:sk:snk:ar-a079pb 
035 |a urn:nbn:sk:snk-ab6a6q 
035 |a (uuid)0f187eeb-cd54-40dc-8dbc-b27ab1cc8924 
040 |a SNKBUCL  |b slo  |c SNKBUCL  |e AACR2 
041 0 |a fre 
044 |a xo  |c SK 
100 1 |a Cicha, Ivan  |4 aut  |9 1155700 
245 1 0 |a SUR LA POSITION DU MIOCÉNE DE LA PARATÉTHYS CENTRALE DANS LE CADRE DU TERTIAIRE DE L'EUROPE  |c Ivan Cicha, Ján Seneš 
700 1 |a Seneš, Ján,  |d 1924-1992  |4 aut  |9 177362 
700 1 |a Andrusovová, Valentína,  |d 1898-1989  |4 trl  |9 194877 
773 0 |t Geologický zborník  |g Roč. 19, č. 1 (1968), s. [95]-116 
958 |a OND 
958 |a EUIPO 
958 |a article5 
999 |c 1962033  |d 1963963